| 000 | 00403nam a2200157 a 4500 | ||
|---|---|---|---|
| 005 | 20260304121437.0 | ||
| 008 | 260227s2026##################000#0#eng## | ||
| 020 |
_a9790820476413 _qhbk |
||
| 041 | _aeng | ||
| 082 | 0 | 4 |
_a324.273 _bPAD.9 |
| 100 | _aPaddock | ||
| 245 | 1 | 0 |
_aState and National Parties ; & American Democracy _c/Joel Paddock |
| 300 |
_a224p,; _c20 cm. |
||
| 504 | _aindex | ||
| 942 | _cREF | ||
| 999 |
_c615985 _d615985 |
||